| 000 | 00383cam a22001217a 4500 | ||
|---|---|---|---|
| 008 | 180718b1997 xxu||||| |||| 00| 0 eng d | ||
| 082 | _aB3x54 B469r | ||
| 100 | _aBhattacharya, Mohit | ||
| 245 |
_aRestructuring public administration: essays in rehabilitation _cby Mohit Bhattacharya |
||
| 260 |
_aNew Delhi _bJawahar _c1997 |
||
| 300 | _a115p. | ||
| 650 | _aPublic administration - India | ||
| 999 |
_c380946 _d380946 |
||